[Event "FRA-chT2 West 0607"]
[Site "France"]
[Date "2007.03.18"]
[Round "9.2"]
[White "Bossard, Arnaud"]
[Black "Renault, Jerome"]
[Result "1-0"]
[WhiteElo "2199"]
[BlackElo "2107"]
[PlyCount "69"]
[EventDate "2006.10.15"]
[EventType "team"]
[EventRounds "11"]
[EventCountry "FRA"]
[SourceTitle "EXT 2008"]
[Source "ChessBase"]
[SourceDate "2007.11.25"]
[SourceVersion "1"]
[SourceVersionDate "2007.11.25"]
[SourceQuality "1"]
[WhiteTeam "Tours"]
[BlackTeam "Agneaux Saint Lo"]
[WhiteTeamCountry "FRA"]
[BlackTeamCountry "FRA"]

1. d4 Nf6 2. Nf3 g6 3. c4 Bg7 4. Nc3 d5 5. Bg5 Ne4 6. cxd5 Nxg5 7. Nxg5 e6 8. Nf3 exd5 9. e3 0-0 10. Be2 c6 11. 0-0 Bg4 12. b4 Nd7 13. Qc2 Rc8 14. a4 f5 15. Nd2 Bxe2 16. Nxe2 Kh8 17. Nb3 Qe7 18. Nc5 b6 19. Nxd7 Qxd7 20. Rac1 g5 21. Qd2 Qf7 22. Rc3 c5 23. bxc5 bxc5 24. Rxc5 Rxc5 25. dxc5 Qd7 26. Rd1 Qxa4 27. Qxd5 Qc2 28. Ng3 a5 29. Nh5 a4 30. h4 a3 31. Nxg7 Kxg7 32. Qe5+ Kg6 33. Rd6+ Kh5 34. Qg7 Kxh4 35. Qh6+ 1-0

[Event "FRA-chT2 West 0607"]
[Site "France"]
[Date "2007.01.20"]
[Round "5.3"]
[White "Rate, Bruno"]
[Black "Renault, Jerome"]
[Result "0-1"]
[WhiteElo "2133"]
[BlackElo "2107"]
[PlyCount "40"]
[EventDate "2006.10.15"]
[EventType "team"]
[EventRounds "11"]
[EventCountry "FRA"]
[SourceTitle "EXT 2008"]
[Source "ChessBase"]
[SourceDate "2007.11.25"]
[SourceVersion "1"]
[SourceVersionDate "2007.11.25"]
[SourceQuality "1"]
[WhiteTeam "Sautron"]
[BlackTeam "Agneaux Saint Lo"]
[WhiteTeamCountry "FRA"]
[BlackTeamCountry "FRA"]

1. d4 Nf6 2. Nf3 g6 3. g3 Bg7 4. Bg2 0-0 5. 0-0 d5 6. c4 c5 7. dxc5 Na6 8. cxd5 Qxd5 9. c6 Qxc6 10. Nc3 Qb6 11. Be3 Qxb2 12. Bd4 Qa3 13. Nb5 Qa5 14. a4 Rd8 15. Qb3 Be6 16. Qa3 Nb4 17. Rab1 Nc2 18. Qxe7 Rd7 19. Bc3 Qxa4 20. Qc5 Ne4 0-1

[Event "FRA-chT2A 0506"]
[Site "France"]
[Date "2006.02.05"]
[Round "7.2"]
[White "Renault, Jerome"]
[Black "Demanghon, Jonathan"]
[Result "1/2-1/2"]
[WhiteElo "2148"]
[BlackElo "2128"]
[PlyCount "86"]
[EventDate "2005.10.27"]
[EventType "team-tourn"]
[EventRounds "11"]
[EventCountry "FRA"]
[SourceTitle "EXT 2006"]
[Source "ChessBase"]
[SourceDate "2005.11.24"]
[SourceVersion "1"]
[SourceVersionDate "2005.11.24"]
[SourceQuality "1"]
[WhiteTeam "Saint Lo"]
[BlackTeam "Rennes Paul Bert"]
[WhiteTeamCountry "FRA"]
[BlackTeamCountry "FRA"]

1. d4 d5 2. c4 c6 3. Nf3 Nf6 4. Nc3 dxc4 5. a4 Bf5 6. e3 e6 7. Bxc4 Bb4 8. 0-0 0-0 9. Qb3 Qe7 10. Bd2 c5 11. Rfe1 Nc6 12. Qa2 Rad8 13. e4 Bg4 14. d5 Bxf3 15. Bg5 Ne5 16. dxe6 Bxc3 17. exf7+ Kh8 18. bxc3 h6 19. Bh4 Qd7 20. Be6 Qd3 21. Bg3 Bxg2 22. Bxe5 Bxe4 23. Bxf6 gxf6 24. Qc4 Qxc4 25. Bxc4 Bd5 26. Bxd5 Rxd5 27. Re7 Kg7 28. Rb1 Rxf7 29. Rxf7+ Kxf7 30. Rxb7+ Kg6 31. Kf1 Rd3 32. Ke2 Rxc3 33. Rxa7 Ra3 34. a5 c4 35. a6 Kf5 36. Ra8 Kf4 37. Kd2 Kf3 38. a7 Kxf2 39. Rf8 Rxa7 40. Rxf6+ Kg2 41. Rxh6 Ra2+ 42. Kc3 Ra3+ 43. Kxc4 Rh3 1/2-1/2

[Event "FRA-chT2A 0506"]
[Site "France"]
[Date "2005.11.19"]
[Round "2.3"]
[White "Le Gallo, Frederic"]
[Black "Renault, Jerome"]
[Result "0-1"]
[WhiteElo "2017"]
[BlackElo "2159"]
[PlyCount "90"]
[EventDate "2005.10.27"]
[EventType "team-tourn"]
[EventRounds "11"]
[EventCountry "FRA"]
[SourceTitle "EXT 2006"]
[Source "ChessBase"]
[SourceDate "2005.11.24"]
[SourceVersion "1"]
[SourceVersionDate "2005.11.24"]
[SourceQuality "1"]
[WhiteTeam "Sautron"]
[BlackTeam "Saint Lo"]
[WhiteTeamCountry "FRA"]
[BlackTeamCountry "FRA"]

1. e4 c5 2. Nf3 d6 3. d4 cxd4 4. Nxd4 Nf6 5. Nc3 a6 6. Bc4 e6 7. Bb3 Be7 8. 0-0 0-0 9. f4 Qc7 10. f5 e5 11. Nde2 b5 12. Nd5 Nxd5 13. Bxd5 Bb7 14. f6 Bxf6 15. Rxf6 gxf6 16. Bh6 Bxd5 17. exd5 Nd7 18. c4 bxc4 19. Rc1 Kh8 20. Bxf8 Rxf8 21. Ng3 Rg8 22. Qf3 Qb6+ 23. Kh1 Qxb2 24. Rxc4 Qb1+ 25. Nf1 Rg5 26. g4 f5 27. h4 Qxa2 28. Rc7 Rxg4 29. Rxd7 Rxh4+ 30. Kg1 Rf4 31. Rd8+ Kg7 32. Qg2+ Rg4 33. Ng3 Qxg2+ 34. Kxg2 f4 35. Rxd6 Rxg3+ 36. Kf2 Rd3 37. Ke2 Rd4 38. Rxa6 Rxd5 39. Kf3 f6 40. Ke4 Rd4+ 41. Kf5 f3 42. Ra7+ Kh6 43. Kxf6 f2 44. Ra1 f1Q+ 45. Rxf1 Rf4+ 0-1

[Event "FRA-chT2"]
[Site "France"]
[Date "2002.02.??"]
[Round "7"]
[White "Renault, Jerome"]
[Black "Geffroy, Laurent"]
[Result "0-1"]
[WhiteElo "2160"]
[BlackElo "2245"]
[PlyCount "84"]
[EventDate "2002.??.??"]
[EventType "team"]
[EventRounds "11"]
[EventCountry "FRA"]
[SourceTitle "EXT 2003"]
[Source "ChessBase"]
[SourceDate "2002.11.25"]
[SourceVersion "1"]
[SourceVersionDate "2002.11.25"]
[SourceQuality "1"]

1. d4 Nf6 2. c4 e6 3. Nf3 d5 4. Nc3 Be7 5. Bg5 h6 6. Bh4 0-0 7. e3 b6 8. Bd3 dxc4 9. Bxc4 Bb7 10. 0-0 Nbd7 11. Rc1 c5 12. Re1 Rc8 13. dxc5 Nxc5 14. Qe2 Nce4 15. Red1 Qc7 16. Nb5 Qb8 17. Nfd4 a6 18. Nc3 Nxc3 19. Rxc3 b5 20. Nxe6 Rfe8 21. Bg3 Qa8 22. Nc7 Rxc7 23. Bxc7 bxc4 24. f3 Bc5 25. Qxc4 Bxf3 26. gxf3 Qxf3 27. Rf1 Bxe3+ 28. Rxe3 Qxe3+ 29. Kh1 Qe2 30. Qxe2 Rxe2 31. Rb1 Ne4 32. Bg3 g5 33. a3 f5 34. Rf1 f4 35. Be1 Rxb2 36. h4 Kf7 37. hxg5 hxg5 38. Kg1 Kg6 39. Bb4 Kf5 40. Re1 f3 41. Rf1 Rg2+ 42. Kh1 Ng3# 0-1

[Event "FRA-chT2"]
[Site "France"]
[Date "2002.01.??"]
[Round "5"]
[White "Renault, Jerome"]
[Black "Soyer, Jean Yves"]
[Result "1/2-1/2"]
[WhiteElo "2160"]
[BlackElo "2225"]
[PlyCount "138"]
[EventDate "2002.??.??"]
[EventType "team"]
[EventRounds "11"]
[EventCountry "FRA"]
[SourceTitle "EXT 2003"]
[Source "ChessBase"]
[SourceDate "2002.11.25"]
[SourceVersion "1"]
[SourceVersionDate "2002.11.25"]
[SourceQuality "1"]

1. d4 Nf6 2. c4 c5 3. d5 b5 4. cxb5 a6 5. Nc3 axb5 6. e4 b4 7. Nb5 d6 8. Nf3 g6 9. Bd3 Bg7 10. 0-0 0-0 11. a4 Nfd7 12. Ra2 Nb6 13. b3 Na6 14. Bb2 Bxb2 15. Rxb2 Bg4 16. h3 Bxf3 17. Qxf3 Nd7 18. Qg3 Qb6 19. Rc1 Rfc8 20. Kh1 Qd8 21. f4 f6 22. Qg4 Kg7 23. Re2 Nc7 24. Re3 Nxb5 25. Bxb5 Nb6 26. Bc6 Ra7 27. h4 e5 28. f5 Qe7 29. Rg3 Qf7 30. Rf1 Rg8 31. fxg6 hxg6 32. Rgf3 Nd7 33. Bxd7 Qxd7 34. Qxd7+ Rxd7 35. Rxf6 Rh8 36. g3 Rc8 37. R6f3 c4 38. bxc4 Rxc4 39. Re3 Ra7 40. Ra1 b3 41. Rxb3 Raxa4 42. Rb7+ Kh6 43. Rxa4 Rxa4 44. Rd7 Rxe4 45. Kg2 Rd4 46. Rxd6 Rd3 47. Kh3 Rd4 48. Rd8 Kg7 49. g4 Rd3+ 50. Kg2 Rd4 51. Kf3 Rf4+ 52. Kg3 Rd4 53. d6 Rd3+ 54. Kf2 Rd4 55. d7 Kh7 56. h5 gxh5 57. gxh5 Kg7 58. h6+ Kh7 59. Ke3 Rd1 60. Ke4 Rd4+ 61. Kf5 Rd6 62. Kxe5 Rd1 63. Kf6 Rf1+ 64. Kg5 Rg1+ 65. Kf5 Rf1+ 66. Kg4 Rg1+ 67. Kf3 Rd1 68. Re8 Rxd7 69. Re6 Rd4 1/2-1/2